00488nam a2200169Ia 4500003000400000005001700004020002200021040000700043050002400050100002500074245002000099250000600119260004800125300002300173500001900196650010300215OSt20260429104547.0 a978-0-19-876574-5 cLC aKD 3395 .M 66 2003  aMONTGOMERY, JONATHAN 0aHEALTH CARE LAW a2 aNEW YORK, bOXFORD UNIVERSITY PRESS,c2003, aXIViii, 515 P, ILL aINCLUDES INDEX a1. Medical laws and legislation - Great Britain 2. Medical care-Law and legislation-Great Britain